000 02040cam a22004574i 4500
003 PE-LiUPU
005 20250731183442.0
008 150706s2007 r 000 0 d
020 _a9788483631539
035 _a(Sirsi) i9788483631539
040 _aPE-LiUPU
_bspa
_cPE-LiUPU
_erda
049 _aPRUA
082 0 4 _a711.4
_bA42
_221
100 1 _aAlonso Salvador, Matilde,
_eautor.
245 1 0 _aExperiencias urbanísticas del proyecto moderno /
_cMatilde Alonso Salvador, Carmen Blasco Sánchez, Francisco Juan Martínez.
264 1 _aValencia :
_bUniversidad Politécnica de Valencia,
_c2007.
300 _a166 páginas :
_bilustraciones ;
_c21 cm.
336 _atext
_2rdacontent
337 _aunmediated
_2rdamedia
338 _avolume
_2rdacarrier
500 _a"Departamento de urbanismo. Escuela Técnica Superior de Arquitectura"--Cubierta.
504 _aIncluye bibliografía.
505 0 _aCuadro cronológico -- ETATS UNITS -- Sumilla -- Stevenage -- Harlow -- Slotermeer -- Roehampton -- Tapiola -- Vallingby -- Cumbernauld -- Hook -- Pampus -- Thamesmead -- Byker -- Bijlmermeer -- Citas para una reflexión.
526 _aP158
526 _aP146
526 _aP17
526 _aP12
526 _aP06
541 _g015-0015393;
650 0 4 _aUrbanismo
_xEnseñanza.
650 0 4 _aUrbanismo
_zEuropa
_vEstudio de casos.
650 0 4 _aUrbanismo
_xPlanificación
_ySiglo XX.
700 1 _aBlasco Sánchez, Carmen,
_eautor.
700 1 _aMartínez Pérez, Francisco Juan,
_eautor.
910 _clch
_d20130707
942 _2ddc
_cBOOK
949 _a711.4 A42
_wDEWEY
_c1
_i67611
_lCCODEBUL1
_mBUL
_p38.00
_r0
_sY
_tBOOK
_u2015-7-6
_xINGENIERIA
_PP06
_o.STAFF. Colección General
994 _aC0
_bPEPRU
596 _a1
999 _a711.4 A42
_wDEWEY
_c55239
_i67611
_d55239
_e2018-6-11
_f2021-11-9
_g7
_lCCODEBUL1
_mBUL
_n7
_p38.00
_r0
_sY
_tBOOK
_u2015-7-6
_xINGENIERIA
_PP06
_0COMPRA
_o.STAFF. Colección Ingenieria y Arquitectura
980 _81
_gALBERTO SANCHEZ Responsable de Automatización